000 00314nam a2200133Ia 4500
008 231017s9999 xx 000 0 und d
082 _a388.47409756
082 _bKUZ
245 0 _aTCRP Report 95: Chapter-18: Parking Management and Supply
245 0 _cTRB
260 _bTRB
300 _c30cm
942 _cREP
999 _c604213
_d604213